| 000 | 01254cam a2200229 4500 | ||
|---|---|---|---|
| 001 | ABS64542 | ||
| 008 | 010921n2001 000 0 eng u | ||
| 035 | _a(Sirsi) u114755 | ||
| 100 | _aMorris, H. | ||
| 245 | _aKey worker housing crisis | ||
| 260 | _c2001 | ||
| 490 |
_aPlanning (for the Natural and Built Environment) _v(01434) 31 August 2001, 11(1) |
||
| 520 | _aThe findings of a recent survey by the National Housing Federation suggest that escalating house prices continue to pose a huge threat to the improvement of public services, government's number one priority for the next four years. Suggests what has traditionally been a London problem is now a national crisis. The survey reveals that, while over 70% of households earn less than £30,000pa, in more than half the English counties outside London households need an annual income of £30,000 to buy a home. Thus, essential services are at risk across many areas of the country. Looks at government's rescue package for key workers, concluding it is far from adequate. | ||
| 590 | _aABS | ||
| 650 | _aKEY WORKERS | ||
| 650 | _aHOUSING | ||
| 650 | _aHOUSE PRICES | ||
| 650 | _aPUBLIC SERVICES | ||
| 650 | _aNATIONAL HOUSING FEDERATION | ||
| 690 | _aHOUSING | ||
| 942 | _n0 | ||
| 999 |
_c68332 _d68332 |
||